Normal view
MARC view
- طلاب-إمتحانات-غش
Entry Topical Term
001 - CONTROL NUMBER
- control field: 40118
003 - CONTROL NUMBER IDENTIFIER
- control field: JO-AjAnu
005 - DATE AND TIME OF LATEST TRANSACTION
- control field: 20230606080651.0
008 - FIXED-LENGTH DATA ELEMENTS
- fixed length control field: 230606|| aca||aabn | a|a d
040 ## - CATALOGING SOURCE
- Original cataloging agency: JO-AjAnu
- Transcribing agency: JO-AjAnu
150 ## - HEADING--TOPICAL TERM
- Topical term or geographic name entry element: طلاب-إمتحانات-غش
670 ## - SOURCE DATA FOUND
- Source citation: Work cat.: (JO-AjAnu)20566: التير، مصطفى , author 40117, الغاية تبرر الوسيلة:دراسة إجتماعية لظاهرة الغش في الإمتحانات